Statistics for Coaches who won at least 2 PBA championships

Click here to take the quiz!

General Stats

  • This quiz has been taken 29 times
  • The average score is 6 of 16

Answer Stats

Answer% Correct
Tim Cone
100%
Norman Black
87%
Yeng Guiao
83%
Chot Reyes
70%
Leo Austria
61%
Robert Jaworski
57%
Baby Dalupan
52%
Jong Uichico
43%
Ryan Gregorio
39%
Derrick Pumaren
17%
Siot Tanquingcen
17%
Tommy Manotoc
9%
Dante Silverio
4%
Ed Ocampo
4%
Perry Ronquillo
0%
Turo Valenzona
0%

Score Distribution

Percentile by Number Answered

Percent of People with Each Score

Your Score History

You have not taken this quiz